00353nam a22001337a 4500003000900000005001700009008004100026040001300067082001500080245003700095260004900132300002200181700001600203BDDh-ASL20231015030139.0210301s1997 pk ||||| |||| 00| 0 eng d cBDDh-ASL a363.8bNOR10aNOrman Borlaug on World Hunger / aLahore: bBookservice International, c1997. a499 p.: c26 cm. 1 aDil, Anwar